Tài liệu bồi dưỡng thực hiện Chương trình giáo dục mầm non mới

সংরক্ষণ করুন:
গ্রন্থ-পঞ্জীর বিবরন
সংস্থা লেখক: Trung tâm phát triển công nghệ giáo dục - đào tạo Hiệp hội các trường Đại học, Cao đẳng ngoài công lập Việt Nam
বিন্যাস: গ্রন্থ
প্রকাশিত: Hà Nội 2010
ট্যাগগুলো: ট্যাগ যুক্ত করুন
কোনো ট্যাগ নেই, প্রথমজন হিসাবে ট্যাগ করুন!
Thư viện lưu trữ: Trung tâm Học liệu Lê Vũ Hùng, Trường Đại học Đồng Tháp
LEADER 00799pam a22002178a 4500
001 00039805
005 20171026081025.0
008 170521s2010 ||||||Viesd
041 0 # |a Vie 
082 1 4 |a 372.21  |b T103L 
110 1 # |b Trung tâm phát triển công nghệ giáo dục - đào tạo  |a Hiệp hội các trường Đại học, Cao đẳng ngoài công lập Việt Nam 
245 1 0 |a Tài liệu bồi dưỡng thực hiện Chương trình giáo dục mầm non mới 
260 # # |a Hà Nội  |c 2010 
300 # # |a 114 tr.  |c 29 cm. 
852 # # |b Kho đọc  |j KD.1002666 
852 # # |j KD.0026010 
910 |d 21/05/2017 
980 # # |a Trung tâm Học liệu Lê Vũ Hùng, Trường Đại học Đồng Tháp